Devinez la Capitale Mystère #22 - Statistiques

Statistiques générales
  • Ce quiz a été pris 211 fois
  • Le résultat moyen est 30 sur 33
Statistiques - réponses
Type de Réponse Réponse % Correct
Lettre Trouvée A
100%
Lettre Bien Placée A
99%
Lettre de l'Alphabet I
99%
Lettre de l'Alphabet R
99%
Lettre Trouvée B
98%
Lettre de l'Alphabet E
98%
Lettre de l'Alphabet L
98%
Lettre de l'Alphabet N
98%
Lettre de l'Alphabet O
98%
Lettre de l'Alphabet P
98%
Lettre de l'Alphabet S
98%
Lettre de l'Alphabet T
95%
Lettre Bien Placée B
94%
Lettre de l'Alphabet C
94%
Lettre Trouvée D
94%
Lettre Trouvée G
94%
Lettre de l'Alphabet H
94%
Lettre de l'Alphabet M
94%
Lettre de l'Alphabet U
94%
Lettre de l'Alphabet K
93%
Lettre de l'Alphabet W
89%
Lettre Bien Placée D
88%
Lettre de l'Alphabet X
88%
Lettre de l'Alphabet Y
88%
Lettre Bien Placée A
87%
Lettre de l'Alphabet V
87%
Lettre Bien Placée D
86%
Lettre de l'Alphabet J
86%
Lettre de l'Alphabet F
85%
Capitale Mystère Bagdad
84%
Lettre Bien Placée G
84%
Lettre de l'Alphabet Q
84%
Lettre de l'Alphabet Z
84%
Aucun quiz correspondant
Distribution des résultats
% des personnes avec chaque résultat
Percentile par nombre de réponses
Votre historique - résultats
Vous n’avez pas pris ce quiz